| 000 | 00493nam a2200181Ia 4500 | ||
|---|---|---|---|
| 003 | LK-CoDNM | ||
| 008 | 010623t1934 xxu||||| |||| 00| 1 sin d | ||
| 040 |
_aLK-CoDNM _dLK-CoDNM _eLK-CoDNM |
||
| 041 | _asin | ||
| 080 | _a104 CC.20 | ||
| 100 |
_aDe Lenarolle,V.D _eed. |
||
| 245 | _aප්රසිද්ධ පුරුෂයෝ | ||
| 246 | _aPrasiddha Purushayoo.Part II | ||
| 260 |
_bY.Don Edvin _aColombo _c1934 |
||
| 300 | _b70p., map, 20 cm | ||
| 650 | _aGreat Man | ||
| 942 | _cBK | ||
| 999 |
_c97334 _d97334 |
||